000 00881nam a2200217Ii 4500
003 JO-AjNU
008 230605s9999||||xx |||||||||||||| ||und||
017 _a2010/1733
020 _a977-422-091-9
040 _aJO-AjNU
_bara
_erda
_cJO-AjNU
041 _aara
050 1 4 _aHF5415.A2863.2011
100 3 _aأبو النجا،محمد عبد العظيم,
_eauthor
_932591
245 0 0 _aقضايا تسويقية معاصرة:تعليم المنتج،ادارة العلاقات مع العملاء ،التسويق عبر المحمول،قضايا تسويقية متنوعة
264 3 1 _aالاسكندرية:الدار الجامعية؛2011
300 _a689ص
_bيحتوي على ببلوغرافية من ص611-689ص
336 _atext
_btxt
_2rdacontent
337 _aunmediated
_bn
_2rdamedia
338 _avolume
_bnc
_2rdacarrier
650 4 _aالتسويق
_932592
999 _aA13176
_c16744
_d16744